Ảnh hưởng đồng thời của điện trường vuông góc và song song lên cấu trúc vùng năng lượng của zigzag graphene hai lớp nanoribbons : Luận văn tốt nghiệp thạc sĩ Vật lý ngành. Vật lý lý thuyết và Vật lý Toán

Ngày nay, công nghệ điện tử ngày càng phát triển mạnh mẽ, sự phát triển này mang đến những lợi ích to lớn như: tăng tốc độ xử lý số liệu, khả năng kết nối giữa người với người, kết nối giữa người với máy móc... điều này đã g...

全面介紹

Đã lưu trong:
書目詳細資料
主要作者: Huỳnh, Thị Huyền Trân
格式: 圖書
語言:Undetermined
出版: Cần Thơ Trường Đại học Cần Thơ 2019
主題:
標簽: 添加標簽
沒有標簽, 成為第一個標記此記錄!
Thư viện lưu trữ: Trung tâm Học liệu Trường Đại học Cần Thơ
LEADER 02374nam a2200229Ia 4500
001 CTU_233166
008 210402s9999 xx 000 0 und d
082 |a 620.193 
082 |b Tr121 
088 |a 8440103 
100 |a Huỳnh, Thị Huyền Trân 
245 0 |a Ảnh hưởng đồng thời của điện trường vuông góc và song song lên cấu trúc vùng năng lượng của zigzag graphene hai lớp nanoribbons : 
245 0 |b Luận văn tốt nghiệp thạc sĩ Vật lý ngành. Vật lý lý thuyết và Vật lý Toán 
245 0 |c Huỳnh Thị Huyền Trân ; Vũ Thanh Trà (Cán bộ hướng dẫn) 
260 |a Cần Thơ 
260 |b Trường Đại học Cần Thơ 
260 |c 2019 
520 |a Ngày nay, công nghệ điện tử ngày càng phát triển mạnh mẽ, sự phát triển này mang đến những lợi ích to lớn như: tăng tốc độ xử lý số liệu, khả năng kết nối giữa người với người, kết nối giữa người với máy móc... điều này đã góp phần quan trọng trong việc nâng cao chất lượng cuộc sống. Để đáp ứng nhu cầu phát triển của lĩnh vực công nghệ điện tử đòi hỏi các nhà khoa học không ngừng tìm kiếm, khám phá ra những loại vật liệu mới ưu việt hơn để thay thế cho những vật liệu trước đó. Những vật liệu này giúp giảm kích thước linh kiện tạo sự gọn nhẹ cho sản phầm nhưng lại phải tăng số lượng chip trên một đơn vị diện tích để tăng tốc độ xử lý. Silicon là loại vật liệu quen thuộc được dùng rộng rãi trong công nghệ điện tử, tuy nhiên công cuộc khai thác ứng dụng của silicon đang dần tới giới hạn vật lý của nó, không thể thu nhỏ hơn được nữa. 
650 |a Carbon composites,Vật liệu tổng hợp carbon 
910 |b tvtrong 
910 |c tvtrong,tvtrong 
980 |a Trung tâm Học liệu Trường Đại học Cần Thơ